|
|
|
|
| LEADER |
01810nam a2200433 a 4500 |
| 001 |
36753 |
| 003 |
BD-DhAAL |
| 005 |
20211111111532.0 |
| 008 |
191127t2006 njua b 001 0 eng |
| 999 |
|
|
|c 41736
|d 41736
|
| 010 |
|
|
|a 2006012205
|
| 020 |
|
|
|a 0321349601 (pbk. : alk. paper)
|
| 020 |
|
|
|a 9780321349606 (pbk. : alk. paper)
|
| 035 |
|
|
|a (OCoLC)ocm66527178
|
| 035 |
|
|
|a (OCoLC)66527178
|
| 040 |
|
|
|a DLC
|c DLC
|d YDXCP
|d BAKER
|d IG#
|d OCLCQ
|d BTCTA
|d TTU
|d DLC
|d BD-DhAAL
|
| 042 |
|
|
|a pcc
|
| 050 |
0 |
0 |
|a QA76.73.J38
|b G588 2006
|
| 082 |
0 |
0 |
|a 005.133
|2 22
|
| 100 |
1 |
|
|a Goetz, Brian.
|9 37732
|
| 245 |
1 |
0 |
|a Java concurrency in practice /
|c Brian Goetz, with Tim Peierls ... [et al.].
|
| 260 |
|
|
|a Upper Saddle River, NJ :
|b Addison-Wesley,
|c c2006.
|
| 300 |
|
|
|a xx, 403 pages :
|b illustrations ;
|c 23 cm.
|
| 504 |
|
|
|a Includes bibliographical references (pages 355-357) and index.
|
| 526 |
|
|
|a CSE
|
| 541 |
|
|
|a Trim education
|e 36753, 36754
|
| 650 |
|
0 |
|a Java (Computer program language).
|9 37733
|
| 650 |
|
0 |
|a Parallel programming (Computer science).
|9 37734
|
| 650 |
|
0 |
|a Threads (Computer programs).
|9 37735
|
| 650 |
|
0 |
|a Computer science.
|9 42542
|
| 700 |
|
|
|a Peierls, Tim
|9 37736
|
| 700 |
|
|
|a Bloch, Joshua
|9 37737
|
| 700 |
|
|
|a Bowbeer, Joseph
|9 37738
|
| 700 |
|
|
|a Holmes, David
|9 37739
|
| 700 |
|
|
|a Lea, Doug
|9 37740
|
| 852 |
|
|
|a Ayesha Abed Library
|c General Stacks
|
| 942 |
|
|
|2 ddc
|c BK
|
| 952 |
|
|
|0 0
|1 0
|2 ddc
|4 0
|6 005_133000000000000_GOE
|7 0
|9 67278
|a BRACUL
|b BRACUL
|c GEN
|d 2019-11-24
|e Trim Education
|g 4480.00
|l 1
|o 005.133 GOE
|p 3010036754
|r 2025-07-16
|s 2025-06-30
|t 2
|v 4480.00
|w 2019-11-24
|y BK
|
| 952 |
|
|
|0 0
|1 0
|2 ddc
|4 0
|6 005_133000000000000_GOE
|7 0
|9 67279
|a BRACUL
|b BRACUL
|c GEN
|d 2019-11-24
|e Trim Education
|g 4480.00
|l 1
|m 25
|o 005.133 GOE
|p 3010036753
|r 2022-08-17
|s 2020-03-11
|t 1
|v 4480.00
|w 2019-11-24
|y BK
|